• 首页
  • 本馆介绍
  • 公告通知
  • 最新文献
  • 馆藏检索
  • 电子资源
  • 读者导购
  • 参考咨询
  • 我的图书馆
  • 登录
  • 详细信息显示
  • 放入我的书架
  • 预约/预借图书
  • 作者相关作品
  • 分类相关作品
  • 丛书相关作品
  • 出版社相关作品

书目信息

  • 表格格式
  • 工作单格式
  • 卡片格式
题名:
启示录打造用户喜爱的产品
    
 
作者: 恰安 著 ;七印部落 译
分册:  
出版信息: 武汉   华中科技大学出版社  2019
页数: 234页
开本: 21cm
丛书名:
单 册:
中图分类: F49
科图分类:
主题词: 信息产业--xin xi chan ye--产业经济
电子资源:
ISBN: 978-7-5609-7018-9
000 01045cam0 2200289 45
001 012001003027
005 20140126143125.0
010    @a978-7-5609-7018-9@dCNY40.00
099    @aCAL 012011284392
100    @a20110621d2011 ekmy0chiy0121 ea
101 1  @achi@ceng
102    @aCN@b420000
105    @aak z 000yy
106    @ar
200 1  @a启示录打造用户喜爱的产品@Aqi shi lu da zao yong hu xi ai de chan pin@f(美) Marty Cagan著@g七印部落译
210    @a武汉@c华中科技大学出版社@d2019
215    @a234页@c图@d21cm
314    @a责任者规范汉译姓: 恰安
330    @a本书共三部分,内容包括:关键角色及其职责、产品管理与产品营销、产品管理与项目管理、评估产品机会、产品探索、苹果公司给我的启示等。
333    @a商业经营者及相关读者。
500 10 @aInspired how to create products customers love@mChinese
606 0  @a信息产业@Axin xi chan ye@x产业经济
690    @aF49@v4
701  1 @a恰安@Aqia an@g(Cagan, Marty)@4著
702  0 @a七印部落@Aqi yin bu luo@4译
801  2 @aCN@b北京卓展@c20191020
905    @b1210136-7@dF49@e17@f2
    
    启示录打造用户喜爱的产品/(美) Marty Cagan著/七印部落译.-武汉:华中科技大学出版社,2019
    234页:图;21cm
    使用对象:商业经营者及相关读者。
    
    ISBN 978-7-5609-7018-9:CNY40.00
    本书共三部分,内容包括:关键角色及其职责、产品管理与产品营销、产品管理与项目管理、评估产品机会、产品探索、苹果公司给我的启示等。
●
相关链接 在E读中查询图书 在五车中查询图书 在当当中查询图书 在豆瓣中查询图书


正题名:启示录打造用户喜爱的产品     索取号:F49/17         预约/预借

序号 登录号 条形码 馆藏地/架位号 状态 备注
1 1210136   212101367   第一样本阅览室/ [索取号:F49/17] 在馆    
2 1210137   212101376   第一借阅区/ [索取号:F49/17] 在馆    
唐山师范学院图书馆 欢迎您!
大连网信软件有限公司© 版权所有